000 00613nam a2200229Ia 4500
003 OSt
005 20221005050304.0
006 a|||||r|||| 00| 0
007 ta
008 221004b |||||||| |||| 00| 0 mal d
024 _a55438
037 _cTextual
040 _aCRL
_cCRL
_bmal
041 _2mal
_amal
082 _aO32,2N00,1, J2
100 _aDamodaran K Au.
_9558459
245 0 _aPattabakki
260 _aKottayam
_bNational book stall India
_c1952
650 _aMALAYALAM DRAMA
_9207189
942 _hO32,2N00,1, J2
_cTEXL
_2cc
999 _c956648
_d956648